|
|
|
|
| LEADER |
00000naa2a2200000 4500 |
| 001 |
229288 |
| 005 |
20231031202322.0 |
| 035 |
|
|
|a (RuTPU)RU\TPU\book\249887
|
| 090 |
|
|
|a 229288
|
| 100 |
|
|
|a 20130110d2003 k y0rusy50 ca
|
| 101 |
0 |
|
|a rus
|
| 102 |
|
|
|a RU
|
| 200 |
1 |
|
|a Получение неодима электролизом фторидно-оксидных расплавов
|f В. А. Гребнев, В. Ю. Шаповалов
|g науч. рук. В. П. Дмитриенко
|
| 463 |
|
0 |
|0 (RuTPU)RU\TPU\book\84423
|t Химия и химическая технология в XXI веке
|o тезисы IV Всероссийской студенческой научно-практической конференции, 13-14 мая 2003, Томск
|f ТПУ
|v С. 14-15
|d 2003
|p 148 с.
|
| 610 |
1 |
|
|a неодим
|
| 610 |
1 |
|
|a получение
|
| 610 |
1 |
|
|a электролиз
|
| 610 |
1 |
|
|a расплавы
|
| 610 |
1 |
|
|a фторидные расплавы
|
| 610 |
1 |
|
|a оксидные расплавы
|
| 610 |
1 |
|
|a редкоземельные металлы
|
| 610 |
1 |
|
|a труды учёных ТПУ
|
| 700 |
|
1 |
|a Гребнев
|b В. А.
|c ассистент
|c кафедра 43 (химическая технология редких, рассеяных и радиоактивных элементов) Томского политехнического университета
|g Василий Александрович
|2 stltpush
|3 (RuTPU)RU\TPU\pers\25179
|
| 701 |
|
1 |
|a Шаповалов
|b В. Ю.
|
| 702 |
|
1 |
|a Дмитриенко
|b В. П.
|4 727
|
| 801 |
|
1 |
|a RU
|b 63413507
|c 20130110
|
| 942 |
|
|
|c BK
|